Hablar para convencer /

Guardado en:
Autor Principal: Reyero, Javier.
Formato: Libro
Idioma:Undetermined
Publicado: Madrid : Pearson Prentice Hall, 2006.
Materias:
Etiquetas: Agregar Etiqueta
Sin Etiquetas, Sea el primero en etiquetar este registro!
LEADER 02505nam a22001575a 4500
001 CEM.cems024982
008 251110s2006####sp############000#0#und#d
005 20251113144208.0
245 1 0 |a Hablar para convencer /  |c Javier Reyero. 
260 |a Madrid :  |b Pearson Prentice Hall,  |c 2006. 
300 |a 236 p. 
505 0 |a 1. El miedo a hablar en público -- ¿A qué tememos exactamente? -- Evaluación racional del miedo -- Grandes audiencias, grandes temores -- El miedo escénico del orador -- Condicionados por nuestro miedo interior -- El ritmo del orador -- El ensayo. Presienta el discurso -- Excusas para no ensayar -- Las ventajas de un buen ensayo -- La buena praxis del ensayo -- Reconocimiento del lugar -- Las sensaciones del orador asustado -- La relajación -- Técnicas de respiración -- Técnicas logocinéticas -- Técnicas básicas de relajación -- Amarre las sensaciones positivas -- 2. Objetivo y ruta -- Torrente de ideas -- Caso práctico. Planteamiento -- Caso práctico. Desarrollo -- Selección y síntesis -- Caso práctico. Desenlace -- Ventajas de la síntesis -- La apertura -- Elementos superfluos de las malas aperturas -- Los siete segundos determinantes -- La idea clave -- Argumentos de la idea clave -- El desarrollo -- Informar -- Entretener -- Educar -- Emocionar -- Motivar -- Amonestar -- Estilo del desarrollo -- Estructura básica -- Regla de oro: información y redundancia -- Los resúmenes -- La redundancia -- La conclusión final -- 3. Hable con ellos -- Nuestro público -- Qué saben -- Qué queremos que sepan -- Qué necesitan de nuestra presentación -- Qué lenguaje hablan -- Cuántos son -- Cuál es su predisposición -- ¿Alguna pregunta...? -- Nunca al final de la presentación -- Preguntas poco amistosas -- Responsabilidad compartida -- No tenga prisa por responder -- Respuestas resumidas -- Los eruditos -- "No tengo ni idea" -- ¿El orador pregunta? -- Pregunta uno, y se responde a todos -- Repetición o reformulación de la pregunta -- Nuestra voz -- Consecuencias visibles de una mayor atención sobre la voz -- Consejos prácticos -- Muletillas -- 4. Lenguaje no verbal -- Convencer con el gesto y el cuerpo -- Aspectos importantes de la comunicación no verbal -- Posición en el estrado -- El atril -- La postura más apropiada -- Los brazos y las manos -- Malos hábitos -- Gestos a evitar -- Tics nerviosos 
020 |a 8483223198 
100 1 |a Reyero, Javier. 
653 |a Oratoria 
859 |a CEMS  |b BIB. CEMS - 11 de abril  |h 808.5  |i R457  |p 30438.25  |t Ej.1